[Event "ECU-ch"]
[Site "Guayaquil"]
[Date "2014.07.01"]
[Round "2"]
[White "Sanchez, John"]
[Black "Pazos Gambarrotti, Plinio Efrain"]
[Result "1-0"]
[WhiteElo "2070"]
[BlackElo "2254"]
[PlyCount "91"]
[EventDate "2014.07.01"]
[EventType "tourn"]
[EventRounds "7"]
[EventCountry "ECU"]
[SourceTitle "CBM 161 Extra"]
[Source "ChessBase"]
[SourceDate "2014.08.29"]
[SourceVersion "1"]
[SourceVersionDate "2014.08.29"]
[SourceQuality "1"]

1. e4 e6 2. d4 d5 3. exd5 exd5 4. Nf3 Bd6 5. c4 Nf6 6. c5 Be7 7. Bd3 0-0 8. h3 b6 9. cxb6 axb6 10. 0-0 Ba6 11. Nc3 c5 12. Re1 Nc6 13. Bb1 Re8 14. Bg5 cxd4 15. Nxd4 Nxd4 16. Qxd4 Bc5 17. Qd2 Rxe1+ 18. Qxe1 Qd6 19. Qd2 Re8 20. Bd3 Bb7 21. Re1 Re5 22. Rxe5 Qxe5 23. Bf4 Qe6 24. Qe2 Ne4 25. Nxe4 dxe4 26. Bc4 Qc6 27. Bb5 Qf6 28. Be3 Bd6 29. Qd2 h6 30. Qd4 Qe7 31. Qxb6 f5 32. Bc6 Bxc6 33. Qxc6 f4 34. Qc8+ Kh7 35. Bxf4 Bxf4 36. Qf5+ Kh8 37. Qxf4 Qb4 38. Qc1 Qa4 39. a3 Kh7 40. Qb1 Kh8 41. b4 Qxa3 42. Qxe4 Qb2 43. Qc4 Qe5 44. g3 h5 45. b5 g5 46. b6 1-0